[Event "II Open Svolta A"]
[Site "Torino ITA"]
[Date "2001.06.01"]
[Round "7"]
[White "Scarenzio, Renato"]
[Black "Sarno, Spartaco"]
[Result "1/2-1/2"]
[WhiteElo "2107"]
[BlackElo "2407"]
[PlyCount "133"]
[EventDate "2001.05.26"]

1. d4 Nf6 2. c4 g6 3. Nc3 Bg7 4. e4 d6 5. f3 O-O 6. Bg5 a6 7. Qd2 Nc6 8. Nge2
Rb8 9. a4 Re8 10. Nd1 Bd7 11. Nec3 e5 12. d5 Nd4 13. Ra3 h6 14. Be3 c5 15. dxc6
bxc6 16. Bd3 h5 17. c5 a5 18. cxd6 Be6 19. Ne2 Rb4 20. Nxd4 exd4 21. Bf4 Bb3
22. Bc2 Bc4 23. b3 Ba6 24. Nf2 Nd5 25. Bd3 Bc8 26. Bc4 Ne3 27. Bxe3 dxe3 28.
Qxe3 Qxd6 29. O-O Bd4 30. Qc1 h4 31. Kh1 Be6 32. Bxe6 Qxe6 33. Nd3 Rb6 34. h3
Reb8 35. Re1 Rxb3 36. Nc5 Bxc5 37. Qxc5 Rb2 38. Rd1 Qf6 39. Rad3 Ra2 40. Qxa5
Rbb2 41. Qd8+ Qxd8 42. Rxd8+ Kg7 43. Rg1 Rxa4 44. Rc8 Rc4 45. Rc7 Kf6 46. Rd1
Ke6 47. Rc8 Rcc2 48. f4 Kf6 49. Rc7 Rxg2 50. e5+ Kf5 51. Rxf7+ Ke4 52. Rfd7
Rh2+ 53. Kg1 Rbg2+ 54. Kf1 Rf2+ 55. Kg1 Rhg2+ 56. Kh1 Kxf4 57. e6 Re2 58. Rf7+
Kg5 59. Rd3 Rgf2 60. Rxf2 Rxf2 61. Re3 Rf8 62. e7 Re8 63. Re6 c5 64. Kg2 Kf5
65. Re1 Kf6 66. Rc1 Rxe7 67. Rxc5 1/2-1/2

[Event "II Open Svolta A"]
[Site "Torino ITA"]
[Date "2001.06.01"]
[Round "7"]
[White "Soncin, Denis"]
[Black "Faraoni, Enrico"]
[Result "0-1"]
[WhiteElo "2086"]
[BlackElo "2168"]
[PlyCount "52"]
[EventDate "2001.05.26"]

1. e4 c5 2. f4 a6 3. Nf3 b5 4. Be2 Bb7 5. d3 e6 6. O-O d5 7. exd5 exd5 8. Re1
Be7 9. Bf1 Nc6 10. d4 Kf8 11. dxc5 Bxc5+ 12. Be3 d4 13. Bf2 Nf6 14. c3 Ng4 15.
Bxd4 Nxd4 16. Nxd4 Qh4 17. h3 h5 18. Qe2 Qg3 19. hxg4 hxg4 20. Qe3 Qh2+ 21. Kf2
Rh3 22. Ne6+ fxe6 23. Qxc5+ Kg8 24. Nd2 Qxf4+ 25. Ke2 Rd8 26. Nb3 Bf3+ 0-1

[Event "II Open Svolta A"]
[Site "Torino ITA"]
[Date "2001.06.02"]
[Round "8"]
[White "Diana, Riccardo"]
[Black "Soncin, Denis"]
[Result "1/2-1/2"]
[WhiteElo "2190"]
[BlackElo "2086"]
[PlyCount "67"]
[EventDate "2001.05.26"]

1. e4 c5 2. c3 g6 3. d4 cxd4 4. cxd4 d5 5. exd5 Nf6 6. Bb5+ Bd7 7. Bc4 b5 8.
Bb3 Bg7 9. Ne2 O-O 10. O-O Bc8 11. Nf4 Bb7 12. Be3 Nxd5 13. Nxd5 Bxd5 14. Nc3
Bxb3 15. Qxb3 a6 16. Rfd1 Nc6 17. d5 Na5 18. Qb4 Nc4 19. Bd4 Rc8 20. Bxg7 Kxg7
21. a4 Qd6 22. Qxd6 exd6 23. axb5 Nxb2 24. Rdb1 Rxc3 25. Rxb2 Rfc8 26. g3 axb5
27. Ra6 R8c5 28. Rxd6 Rd3 29. Rb6 Rdxd5 30. Kg2 g5 31. h3 f6 32. g4 Re5 33. Rd2
Red5 34. Re2 1/2-1/2

[Event "II Open Svolta A"]
[Site "Torino ITA"]
[Date "2001.06.02"]
[Round "8"]
[White "Drazic, Sinisa"]
[Black "Scarenzio, Renato"]
[Result "0-1"]
[WhiteElo "2490"]
[BlackElo "2107"]
[PlyCount "84"]
[EventDate "2001.05.26"]

1. e4 c6 2. d4 d5 3. e5 Bf5 4. h4 h6 5. g4 Bh7 6. h5 e6 7. Nc3 Nd7 8. Bd3 Bxd3
9. Qxd3 c5 10. Be3 c4 11. Qe2 Bb4 12. Bd2 Qb6 13. a3 Bf8 14. O-O-O Qxd4 15. Be3
Qxe5 16. Nf3 Qd6 17. Nb5 Qb8 18. Rxd5 a6 19. Rxd7 axb5 20. Rhd1 Nf6 21. Qd2 c3
22. Qd3 cxb2+ 23. Kb1 Bxa3 24. g5 Nxd7 25. Qxd7+ Kf8 26. gxh6 gxh6 27. Qd4 Rh7
28. Ne5 Ke7 29. Ng6+ fxg6 30. hxg6 Bd6 31. Qh4+ Kd7 32. Kxb2 Re7 33. Qb4 Qh8+
34. c3 Qe5 35. f4 Qxe3 36. Qxd6+ Ke8 37. Rd3 Qa7 38. Kc2 Qa2+ 39. Kd1 Qf2 40.
Rd2 Qf1+ 41. Kc2 Ra2+ 42. Kb3 Qc4# 0-1

[Event "II Open Svolta A"]
[Site "Torino ITA"]
[Date "2001.06.02"]
[Round "8"]
[White "Lo Curto, Emanuele"]
[Black "Fittante, Giuliana"]
[Result "1/2-1/2"]
[WhiteElo "2106"]
[BlackElo "1812"]
[PlyCount "48"]
[EventDate "2001.05.26"]

1. e4 e5 2. Nf3 Nf6 3. Nxe5 d6 4. Nf3 Nxe4 5. d4 d5 6. Bd3 Be7 7. O-O Nc6 8.
Re1 Bg4 9. Be3 O-O 10. h3 Bh5 11. c3 f5 12. Bf4 Bd6 13. Bxd6 Qxd6 14. Be2 Rae8
15. Nbd2 Rf6 16. c4 Rg6 17. c5 Qf4 18. Nf1 Nxd4 19. Qxd4 Bxf3 20. Bxf3 Qxf3 21.
Ng3 Qf4 22. Qxd5+ Kf8 23. Qxf5+ Qxf5 24. Nxf5 Nxc5 1/2-1/2

[Event "II Open Svolta A"]
[Site "Torino ITA"]
[Date "2001.06.02"]
[Round "8"]
[White "Mrdja, Milan"]
[Black "Faraoni, Enrico"]
[Result "1-0"]
[WhiteElo "2450"]
[BlackElo "2168"]
[PlyCount "71"]
[EventDate "2001.05.26"]

1. e4 c5 2. Nf3 Nc6 3. Bb5 g6 4. O-O Bg7 5. Re1 Nf6 6. Nc3 a6 7. Bxc6 dxc6 8.
h3 O-O 9. d3 Nd7 10. e5 f6 11. Bf4 fxe5 12. Bg3 Nf6 13. Bxe5 Nh5 14. Qe2 Bxe5
15. Nxe5 Qd4 16. Qe3 Qh4 17. Ne4 Nf4 18. Qg3 Qh6 19. Re3 Rf5 20. Ng4 Qg7 21. c3
c4 22. dxc4 Be6 23. Rae1 Rd8 24. b3 Qf8 25. Nh2 Qh6 26. Nf3 Rdf8 27. Neg5 Nh5
28. Qg4 Nf6 29. Qh4 Qxh4 30. Nxh4 Rxg5 31. Rxe6 Ra5 32. a4 Rf7 33. Nf3 Kf8 34.
h4 Rc5 35. Ng5 Rg7 36. Rxf6+ 1-0

[Event "II Open Svolta A"]
[Site "Torino ITA"]
[Date "2001.06.02"]
[Round "8"]
[White "Rossi, Vittorio"]
[Black "Malano, Francesco"]
[Result "1-0"]
[WhiteElo "1900"]
[BlackElo "2036"]
[PlyCount "33"]
[EventDate "2001.05.26"]

1. e4 c5 2. d4 cxd4 3. c3 dxc3 4. Nxc3 e6 5. Bc4 a6 6. Nf3 b5 7. Bb3 Bb7 8. Qe2
Bc5 9. O-O d6 10. Be3 Ne7 11. Rfd1 Qc7 12. Rac1 h6 13. e5 Nbc6 14. Ne4 Nxe5 15.
Nxe5 Bxe4 16. Bxc5 dxc5 17. Qxe4 1-0

[Event "II Open Svolta A"]
[Site "Torino ITA"]
[Date "2001.06.02"]
[Round "8"]
[White "Sarno, Spartaco"]
[Black "Pepino, Enrico"]
[Result "1-0"]
[WhiteElo "2407"]
[BlackElo "1858"]
[PlyCount "65"]
[EventDate "2001.05.26"]

1. d4 g6 2. c4 Bg7 3. e4 d6 4. Nc3 Nf6 5. f3 O-O 6. Be3 c5 7. d5 Na6 8. Qd2 Nc7
9. Nge2 Rb8 10. Rb1 e6 11. b4 exd5 12. cxd5 b6 13. bxc5 dxc5 14. Bxc5 Re8 15.
Be3 Bb7 16. g3 Nfxd5 17. exd5 Bxd5 18. Kf2 Qe7 19. Nd4 Rbd8 20. Bg2 Bb7 21.
Rhe1 Qf6 22. Rbd1 Rxe3 23. Qxe3 Qxd4 24. f4 Qxe3+ 25. Rxe3 Rxd1 26. Nxd1 Bxg2
27. Kxg2 Ne6 28. Nf2 Kf8 29. Nd3 a5 30. Ne5 Nc5 31. Kf3 Bf6 32. Re1 Ne6 33.
Nd7+ 1-0

[Event "II Open Svolta A"]
[Site "Torino ITA"]
[Date "2001.06.03"]
[Round "9"]
[White "Fittante, Giuliana"]
[Black "Scarenzio, Renato"]
[Result "0-1"]
[WhiteElo "1812"]
[BlackElo "2107"]
[PlyCount "138"]
[EventDate "2001.05.26"]

1. d4 d5 2. Nf3 Nf6 3. Bg5 e6 4. e3 c5 5. c3 Nbd7 6. Nbd2 Be7 7. Bd3 b6 8. O-O
Bb7 9. Qa4 O-O 10. Ne5 Nxe5 11. dxe5 Nd7 12. Qh4 g6 13. Bxe7 Qc7 14. Bxf8 Nxe5
15. Bh6 Nxd3 16. Qf6 Qe5 17. Qxe5 Nxe5 18. Rad1 a6 19. f3 f6 20. h4 Bc6 21. Nb3
Kf7 22. Rf2 Ba4 23. Rb1 Bb5 24. Nc1 a5 25. Bf4 Nc4 26. b3 Na3 27. Rbb2 e5 28.
Bg3 a4 29. bxa4 Rxa4 30. f4 exf4 31. Bxf4 Ke6 32. g3 Ra6 33. Bc7 Kd7 34. Bb8
Ra8 35. Bf4 Kc6 36. Bh6 f5 37. h5 Nc4 38. Rb1 Ba6 39. hxg6 hxg6 40. Ne2 Re8 41.
g4 Ne5 42. gxf5 Ng4 43. Rg2 Bxe2 44. Rb2 Bf3 45. Rg3 gxf5 46. Rxf3 Nxh6 47. Rh2
Ng4 48. Rhh3 b5 49. Rhg3 Re6 50. Rxf5 Nxe3 51. Rf2 Nc4 52. Rg5 Nd6 53. Rf3 Ne4
54. Rh5 Kd6 55. Rff5 Rg6+ 56. Kh2 Nxc3 57. a3 c4 58. Rf8 Kc6 59. Ra8 Kb7 60.
Rd8 Kc7 61. Rhh8 Rh6+ 62. Rxh6 Kxd8 63. Kg3 d4 64. Rd6+ Ke7 65. Rb6 d3 66. Kf2
d2 67. Rb7+ Ke6 68. Rb6+ Kd7 69. Rb7+ Kc6 0-1

[Event "II Open Svolta A"]
[Site "Torino ITA"]
[Date "2001.06.03"]
[Round "9"]
[White "Lo Curto, Emanuele"]
[Black "Drazic, Sinisa"]
[Result "0-1"]
[WhiteElo "2106"]
[BlackElo "2490"]
[PlyCount "56"]
[EventDate "2001.05.26"]

1. e4 c5 2. Nf3 e6 3. d3 Nc6 4. Nbd2 g6 5. g3 Bg7 6. Bg2 Nge7 7. O-O O-O 8. Nh4
d5 9. Kh1 f5 10. f4 b6 11. Re1 h6 12. exd5 exd5 13. c4 Kh7 14. cxd5 Nxd5 15.
Qf3 Ncb4 16. a3 Nc2 17. Qxd5 Qxd5 18. Bxd5 Rb8 19. Re7 Nxa1 20. b3 Rd8 21. Bb2
Rd7 22. Rxg7+ Rxg7 23. Bxa1 Rd7 24. Bc4 b5 25. Be6 Rxd3 26. Bxc8 Rxd2 27. Bc3
Rd1+ 28. Kg2 Rxc8 0-1

[Event "II Open Svolta A"]
[Site "Torino ITA"]
[Date "2001.06.03"]
[Round "9"]
[White "Malano, Francesco"]
[Black "Sarno, Spartaco"]
[Result "0-1"]
[WhiteElo "2036"]
[BlackElo "2407"]
[PlyCount "48"]
[EventDate "2001.05.26"]

1. c4 g6 2. d4 Nf6 3. Nc3 d5 4. cxd5 Nxd5 5. e3 Bg7 6. Nf3 O-O 7. Be2 c5 8. Qb3
Nxc3 9. bxc3 Nd7 10. O-O Qc7 11. Bb2 b6 12. Rac1 e6 13. Rfd1 Bb7 14. Nd2 Rfd8
15. Ba3 Rac8 16. Qb1 Bf8 17. Ne4 a6 18. h4 b5 19. h5 Qa5 20. Nxc5 Bxc5 21. dxc5
Qxa3 22. hxg6 hxg6 23. Rd6 Nxc5 24. Rcd1 Rxd6 0-1

[Event "II Open Svolta A"]
[Site "Torino ITA"]
[Date "2001.06.03"]
[Round "9"]
[White "Mrdja, Milan"]
[Black "Diana, Riccardo"]
[Result "1-0"]
[WhiteElo "2450"]
[BlackElo "2190"]
[PlyCount "71"]
[EventDate "2001.05.26"]

1. e4 e5 2. Nf3 Nf6 3. Nc3 Bb4 4. Be2 d6 5. d3 h6 6. O-O Nc6 7. h3 Be6 8. a3
Ba5 9. b4 Bb6 10. Na4 O-O 11. Bb2 Ne7 12. Re1 Ng6 13. Bf1 c6 14. Nxb6 Qxb6 15.
d4 Qc7 16. c4 Rad8 17. Qc2 Rfe8 18. Rad1 Bc8 19. c5 dxc5 20. dxc5 Be6 21. Nd2
Rd7 22. Nc4 Red8 23. Rxd7 Rxd7 24. Nd6 Kf8 25. Bc3 Ne8 26. Nf5 Qd8 27. Qb2 f6
28. Ne3 Nf4 29. Qc2 Nc7 30. a4 a6 31. Kh2 Bf7 32. Nf5 Be6 33. Nd6 Ne8 34. g3
Nxd6 35. gxf4 Nf7 36. f5 1-0

[Event "II Open Svolta A"]
[Site "Torino ITA"]
[Date "2001.06.03"]
[Round "9"]
[White "Pepino, Enrico"]
[Black "Soncin, Denis"]
[Result "1/2-1/2"]
[WhiteElo "1858"]
[BlackElo "2086"]
[PlyCount "57"]
[EventDate "2001.05.26"]

1. e4 c5 2. Nf3 d6 3. d4 cxd4 4. Nxd4 Nf6 5. Nc3 e6 6. Be3 Be7 7. f3 a6 8. Qd2
Nc6 9. O-O-O Qc7 10. g4 b5 11. h4 Bb7 12. g5 Nh5 13. Bh3 g6 14. Bg4 Ne5 15.
Bxh5 Nc4 16. Qd3 Nxe3 17. Qxe3 gxh5 18. f4 b4 19. Nce2 Rc8 20. Rd2 Qc4 21. Kb1
e5 22. Nf5 Qxe4 23. Qxe4 Bxe4 24. Nxe7 Kxe7 25. Re1 Bg6 26. Ng3 Ke6 27. f5+
Bxf5 28. Nxf5 Kxf5 29. Rxd6 1/2-1/2

[Event "V Festival Magistrale"]
[Site "Salsomaggiore Terme ITA"]
[Date "2001.05.??"]
[Round "1"]
[White "Bertagnolli, Alexander"]
[Black "Raineri, Valerio"]
[Result "1-0"]
[WhiteElo "2274"]
[BlackElo "2098"]
[PlyCount "24"]
[EventDate "2001.05.18"]

1. e4 e5 2. f4 exf4 3. Nf3 d6 4. Bc4 h6 5. d3 g5 6. h4 Bg7 7. Nc3 Nc6 8. Bd2
Bg4 9. Qe2 Nd4 10. Nxd4 Bxe2 11. Ndxe2 Ne7 12. O-O-O c5 1-0

[Event "V Festival Magistrale"]
[Site "Salsomaggiore Terme ITA"]
[Date "2001.05.??"]
[Round "1"]
[White "Facchetti, Gianni"]
[Black "Naumkin, Igor"]
[Result "0-1"]
[WhiteElo "2157"]
[BlackElo "2446"]
[PlyCount "21"]
[EventDate "2001.05.18"]

1. e4 e6 2. d4 d5 3. Nd2 Nf6 4. Be2 c5 5. Ngf3 Nc6 6. a4 Bd6 7. c3 O-O 8. Qc2
b6 9. Nf1 h6 10. g4 c4 11. g5 0-1

[Event "V Festival Magistrale"]
[Site "Salsomaggiore Terme ITA"]
[Date "2001.05.??"]
[Round "1"]
[White "Georgiev, Vladimir"]
[Black "Cazzaniga, Walter"]
[Result "1-0"]
[WhiteElo "2592"]
[BlackElo "2174"]
[PlyCount "54"]
[EventDate "2001.05.18"]

1. d4 Nf6 2. c4 g6 3. Nc3 Bg7 4. e4 d6 5. Bd3 Nc6 6. Nge2 e5 7. d5 Nd4 8. Nxd4
exd4 9. Ne2 O-O 10. O-O Re8 11. f3 c5 12. Bg5 h6 13. Bh4 Qc7 14. a3 a5 15. b4
axb4 16. axb4 Rxa1 17. Qxa1 g5 18. Bf2 b6 19. Ng3 h5 20. Re1 h4 21. Nf5 Bxf5
22. exf5 Qd8 23. bxc5 Rxe1+ 24. Qxe1 bxc5 25. Bc2 Nh5 26. g3 hxg3 27. hxg3 Be5
1-0

[Event "V Festival Magistrale"]
[Site "Salsomaggiore Terme ITA"]
[Date "2001.05.??"]
[Round "1"]
[White "Giretti Kanev, Jasen"]
[Black "Di Lazzaro, Gabriele"]
[Result "1-0"]
[WhiteElo "2190"]
[BlackElo "1975"]
[PlyCount "92"]
[EventDate "2001.05.18"]

1. Nf3 d5 2. g3 Nc6 3. d4 Bg4 4. Bg2 Qd7 5. Bf4 e6 6. O-O Bd6 7. Bxd6 Qxd6 8.
Nbd2 Nf6 9. c4 O-O 10. c5 Qe7 11. Qb3 Ne4 12. Nxe4 dxe4 13. Ne5 Nxd4 14. Qc4
Bxe2 15. Qxd4 Bxf1 16. Bxf1 f5 17. Bc4 Rad8 18. Qc3 Qf6 19. c6 bxc6 20. Nxc6
Rd6 21. Qxf6 Rxf6 22. Nxa7 Rd2 23. a4 Rxb2 24. a5 Rb4 25. Rc1 g5 26. a6 Kg7 27.
Nc6 Ra4 28. Bb5 Ra3 29. Ne5 Ra5 30. Rxc7+ Kh6 31. a7 Rf8 32. Rb7 Ra8 33. Nc6
Ra3 34. Re7 g4 35. Rxe6+ Kg5 36. Re7 h5 37. Bc4 h4 38. Rg7+ Kh6 39. Rf7 Ra1+
40. Bf1 h3 41. Rxf5 Kg6 42. Rb5 e3 43. fxe3 Rf8 44. Ne7+ Kf7 45. Nf5 Rxa7 46.
Nh6+ Kg6 1-0

[Event "V Festival Magistrale"]
[Site "Salsomaggiore Terme ITA"]
[Date "2001.05.??"]
[Round "1"]
[White "Malfagia, Andrea"]
[Black "Tomasi, Diego"]
[Result "1-0"]
[WhiteElo "2243"]
[BlackElo "2042"]
[PlyCount "85"]
[EventDate "2001.05.18"]

1. e4 e6 2. d4 d5 3. e5 c5 4. c3 Nc6 5. Be3 cxd4 6. cxd4 Qb6 7. Qd2 Bd7 8. Nc3
Rc8 9. Nf3 Na5 10. Rc1 Nc4 11. Bxc4 Rxc4 12. O-O Bb4 13. Qd3 Bxc3 14. Rxc3 Bb5
15. Rfc1 Ne7 16. Nd2 Rxc3 17. Qxc3 Qc6 18. Nb3 Qxc3 19. Rxc3 Bc6 20. Bg5 h6 21.
Bxe7 Kxe7 22. f4 Rc8 23. Kf2 b6 24. Ke1 Kd7 25. Kd2 Rg8 26. Na1 Bb5 27. Nc2 g5
28. Rg3 Ke7 29. Ne3 Rh8 30. fxg5 hxg5 31. Ng4 Rh4 32. h3 Bc4 33. b3 Bf1 34. Ke3
Rh8 35. Nf6 Rc8 36. Kd2 b5 37. Rxg5 b4 38. Rg3 a5 39. h4 a4 40. h5 axb3 41. h6
Rc2+ 42. Ke1 Bxg2 43. Rg8 1-0

[Event "V Festival Magistrale"]
[Site "Salsomaggiore Terme ITA"]
[Date "2001.05.??"]
[Round "1"]
[White "Miatello, Alberto"]
[Black "Scalcione, Michelangelo"]
[Result "0-1"]
[WhiteElo "1869"]
[BlackElo "2177"]
[PlyCount "58"]
[EventDate "2001.05.18"]

1. e4 e5 2. Nf3 d6 3. Bc4 Be7 4. d3 Nf6 5. O-O O-O 6. c3 Nc6 7. Bb3 Bg4 8. Nbd2
Nd7 9. h3 Bh5 10. g4 Bg6 11. d4 exd4 12. cxd4 Bf6 13. d5 Nd4 14. Nxd4 Bxd4 15.
Nf3 Bb6 16. Re1 Re8 17. Bc2 Nc5 18. Nd2 Qf6 19. Re2 Qd4 20. Qe1 Nd3 21. Bxd3
Qxd3 22. Kg2 f5 23. gxf5 Bxf5 24. f3 Bd7 25. Nf1 Rf8 26. Rf2 Rf6 27. Rd2 Rg6+
28. Kh1 Bxh3 29. Re2 Qxe2 0-1

[Event "V Festival Magistrale"]
[Site "Salsomaggiore Terme ITA"]
[Date "2001.05.??"]
[Round "1"]
[White "Mrdja, Milan"]
[Black "Falbo, Sandro"]
[Result "1-0"]
[WhiteElo "2450"]
[BlackElo "2166"]
[PlyCount "68"]
[EventDate "2001.05.18"]

1. e4 c5 2. Nf3 d6 3. d4 cxd4 4. Nxd4 Nf6 5. f3 Nc6 6. c4 g6 7. Nc3 Bg7 8. Be3
O-O 9. Qd2 Bd7 10. Be2 Nxd4 11. Bxd4 Bc6 12. O-O a5 13. b3 Nd7 14. Be3 Nc5 15.
Rab1 f5 16. exf5 gxf5 17. Nd5 e5 18. Bg5 Qb8 19. Rfd1 Ne6 20. Be7 Rf7 21. Bxd6
Qa7+ 22. Kh1 Nd4 23. Bf1 Kh8 24. Re1 Re8 25. Rbd1 Re6 26. Ba3 Rd7 27. Qf2 Rxd5
28. cxd5 Bxd5 29. Bc4 Bxc4 30. bxc4 Qa6 31. f4 exf4 32. Rxd4 Rxe1+ 33. Qxe1
Bxd4 34. Qe8+ Kg7 1-0

[Event "V Festival Magistrale"]
[Site "Salsomaggiore Terme ITA"]
[Date "2001.05.??"]
[Round "1"]
[White "Nelli, Luca"]
[Black "Di Pancrazio, Luciano"]
[Result "1-0"]
[WhiteElo "2184"]
[BlackElo "1935"]
[PlyCount "47"]
[EventDate "2001.05.18"]

1. c4 e6 2. Nf3 Nf6 3. b3 b6 4. g3 Bb7 5. Bg2 Be7 6. O-O d6 7. Bb2 e5 8. d4
exd4 9. Qxd4 Nbd7 10. Nc3 Nc5 11. Rfe1 Ne6 12. Qd2 O-O 13. e4 Nc5 14. Nd4 Nfd7
15. f4 Bf6 16. Nd5 Ne6 17. e5 dxe5 18. Nxf6+ Nxf6 19. Bxb7 Rb8 20. fxe5 Ng4 21.
Bd5 Nxh2 22. Kxh2 h5 23. Nc6 Qd7 24. Nxb8 1-0

[Event "V Festival Magistrale"]
[Site "Salsomaggiore Terme ITA"]
[Date "2001.05.??"]
[Round "1"]
[White "Peric, Slavisa"]
[Black "Gagliardi, Christian"]
[Result "1/2-1/2"]
[WhiteElo "2288"]
[BlackElo "2106"]
[PlyCount "43"]
[EventDate "2001.05.18"]

1. d4 Nf6 2. Nf3 g6 3. g3 Bg7 4. Bg2 d6 5. O-O O-O 6. a4 Nbd7 7. a5 a6 8. Nc3
c6 9. e4 e5 10. h3 Qc7 11. Be3 Re8 12. Qd2 Nf8 13. dxe5 dxe5 14. Bb6 Qe7 15.
Rad1 N6d7 16. Be3 Ne6 17. Na4 Nec5 18. Nxc5 Nxc5 19. Qb4 Bf8 20. c3 f6 21. Nd2
Be6 22. Bf3 1/2-1/2

[Event "V Festival Magistrale"]
[Site "Salsomaggiore Terme ITA"]
[Date "2001.05.??"]
[Round "1"]
[White "Popa, Claudiu"]
[Black "Anceschi, Vittorio"]
[Result "0-1"]
[WhiteElo "2101"]
[BlackElo "2285"]
[PlyCount "78"]
[EventDate "2001.05.18"]

1. e4 e6 2. d4 d5 3. Nd2 Nf6 4. e5 Ne4 5. Bd3 Nxd2 6. Bxd2 c5 7. c3 Qb6 8. Nf3
Nc6 9. O-O h6 10. Rb1 cxd4 11. cxd4 Bd7 12. Be3 Nb4 13. Bc2 Nxc2 14. Qxc2 Rc8
15. Qd1 Be7 16. b4 Bb5 17. Re1 Qa6 18. Qd2 Qa4 19. Rec1 Kd7 20. Qb2 Bd3 21.
Rxc8 Rxc8 22. Qb3 Qxb3 23. Rxb3 Bb5 24. Rb2 Rc3 25. Ne1 Ra3 26. Nc2 Ra4 27. a3
Bd3 28. Bc1 Bxc2 29. Rxc2 a5 30. bxa5 Rxd4 31. g3 Rc4 32. Rxc4 dxc4 33. Kf1 Kc6
34. Ke2 Kb5 35. f4 Kxa5 36. g4 Ka4 37. f5 Bg5 38. Bb2 Kb3 39. Bd4 c3 0-1

[Event "V Festival Magistrale"]
[Site "Salsomaggiore Terme ITA"]
[Date "2001.05.??"]
[Round "1"]
[White "Scharrer, Patrick"]
[Black "Gerardi, Saverio"]
[Result "0-1"]
[WhiteElo "2079"]
[BlackElo "1579"]
[PlyCount "66"]
[EventDate "2001.05.18"]

1. e4 c5 2. Nf3 d6 3. d4 cxd4 4. Nxd4 Nf6 5. Nc3 a6 6. f3 Nc6 7. Be3 e6 8. Qd2
Qc7 9. g4 b5 10. O-O-O Bb7 11. g5 Nd7 12. h4 Nde5 13. Nxc6 Qxc6 14. Be2 b4 15.
Nb1 Rc8 16. h5 a5 17. Rdg1 Nc4 18. Bxc4 Qxc4 19. g6 f5 20. h6 hxg6 21. Rxg6 Kf7
22. Rhg1 gxh6 23. Qg2 Rh7 24. b3 Qc6 25. exf5 exf5 26. Bd4 Be7 27. Qe2 Qd7 28.
Qg2 Bg5+ 29. Rxg5 hxg5 30. Qxg5 Qe6 31. Nd2 Ba6 32. Kb2 Rf8 33. f4 Re8 0-1

[Event "V Festival Magistrale"]
[Site "Salsomaggiore Terme ITA"]
[Date "2001.05.??"]
[Round "1"]
[White "Tencati, Giuseppe"]
[Black "Ortega, Lexy"]
[Result "0-1"]
[WhiteElo "2071"]
[BlackElo "2487"]
[PlyCount "64"]
[EventDate "2001.05.18"]

1. d4 d5 2. c4 e6 3. Nc3 c6 4. e3 Nf6 5. Nf3 Nbd7 6. Bd3 dxc4 7. Bxc4 b5 8. Bd3
a6 9. e4 c5 10. O-O cxd4 11. Nxd4 Bb7 12. Re1 Bc5 13. Nb3 Ba7 14. Bg5 Ne5 15.
Be2 Qxd1 16. Raxd1 b4 17. Bxf6 gxf6 18. Na4 Bxe4 19. Nac5 Bc2 20. Nxa6 Bxd1 21.
Rxd1 Ke7 22. Nxb4 Rad8 23. Rxd8 Rxd8 24. Kf1 Rb8 25. a3 Rc8 26. Ke1 f5 27. h4
f4 28. Nd3 Nxd3+ 29. Bxd3 f5 30. Na5 Kd6 31. b4 Kd5 32. a4 Bd4 0-1

[Event "V Festival Magistrale"]
[Site "Salsomaggiore Terme ITA"]
[Date "2001.05.??"]
[Round "1"]
[White "Vezzosi, Paolo"]
[Black "Sciortino, Massimo"]
[Result "1/2-1/2"]
[WhiteElo "2423"]
[BlackElo "2155"]
[PlyCount "46"]
[EventDate "2001.05.18"]

1. d4 f5 2. g3 Nf6 3. Bg2 e6 4. c4 Be7 5. Nc3 O-O 6. Nh3 d6 7. e4 Nxe4 8. Nxe4
fxe4 9. Bxe4 Bf6 10. Qd3 e5 11. dxe5 dxe5 12. Qxd8 Bxd8 13. Ng5 Bxg5 14. Bxg5
Nc6 15. Bd5+ Kh8 16. O-O Nd4 17. Kg2 c6 18. Be4 Be6 19. b3 a5 20. Rad1 a4 21.
Rd3 axb3 22. axb3 Ra2 23. Be7 Re8 1/2-1/2

[Event "V Festival Magistrale"]
[Site "Salsomaggiore Terme ITA"]
[Date "2001.05.??"]
[Round "1"]
[White "Vivo, Mario"]
[Black "Iotti, Pierluigi"]
[Result "0-1"]
[WhiteElo "2133"]
[BlackElo "2318"]
[PlyCount "60"]
[EventDate "2001.05.18"]

1. d4 Nf6 2. c4 e6 3. Nf3 b6 4. a3 Bb7 5. Nc3 d5 6. cxd5 exd5 7. g3 Be7 8. Qa4+
c6 9. Bg2 O-O 10. O-O Na6 11. Bf4 Nc7 12. Rad1 Ne6 13. Bc1 Qc7 14. Nh4 g6 15.
f4 c5 16. dxc5 Nxc5 17. Qc2 Nce4 18. f5 d4 19. fxg6 hxg6 20. Rxd4 Bc5 21. e3
Bxd4 22. exd4 Rfd8 23. Bf4 Qc4 24. Be5 Rxd4 25. Bxf6 Rd2 26. Bxe4 Qc5+ 27. Kh1
Rxc2 28. Bxb7 Re8 29. Be4 Rf2 30. Rxf2 Qxf2 0-1

[Event "V Festival Magistrale"]
[Site "Salsomaggiore Terme ITA"]
[Date "2001.05.??"]
[Round "2"]
[White "Anceschi, Vittorio"]
[Black "Pipitone, Antonio"]
[Result "1-0"]
[WhiteElo "2285"]
[BlackElo "2036"]
[PlyCount "81"]
[EventDate "2001.05.18"]

1. c4 Nf6 2. Nc3 g6 3. g3 Bg7 4. Bg2 c5 5. Nf3 Nc6 6. O-O O-O 7. d3 d6 8. Bd2
Bd7 9. Rb1 Qc8 10. Re1 Bh3 11. Bh1 Re8 12. a3 e5 13. Ng5 h6 14. Nxh3 Qxh3 15.
Bg2 Qd7 16. b4 Rab8 17. bxc5 dxc5 18. Nd5 Nxd5 19. cxd5 Nd4 20. e3 Nb5 21. Qb3
Nd6 22. e4 b5 23. Bf1 Rec8 24. Qc2 c4 25. dxc4 Nxc4 26. Bxc4 Rxc4 27. Qxc4 bxc4
28. Rxb8+ Kh7 29. Rb4 Bf8 30. Rxc4 Bxa3 31. Bc3 Bd6 32. Rc6 h5 33. h4 g5 34.
hxg5 h4 35. Re3 h3 36. Kh2 Bb8 37. Rf3 Kg8 38. g6 fxg6 39. Rxg6+ Kh7 40. Rg5
Qa4 41. g4 1-0

[Event "V Festival Magistrale"]
[Site "Salsomaggiore Terme ITA"]
[Date "2001.05.??"]
[Round "2"]
[White "Di Lazzaro, Gabriele"]
[Black "Vivo, Mario"]
[Result "1-0"]
[WhiteElo "1975"]
[BlackElo "2133"]
[PlyCount "39"]
[EventDate "2001.05.18"]

1. Nf3 Nf6 2. g3 g6 3. b3 Bg7 4. Bb2 O-O 5. Bg2 d6 6. d4 Nc6 7. O-O Nd7 8. c4
e5 9. dxe5 Ndxe5 10. Nxe5 Nxe5 11. Qd2 h5 12. h4 c6 13. Nc3 Qa5 14. Rfd1 Be6
15. Ne4 Qxd2 16. Rxd2 d5 17. cxd5 Bxd5 18. Nc5 Bxg2 19. Kxg2 b6 20. Ne4 1-0

[Event "V Festival Magistrale"]
[Site "Salsomaggiore Terme ITA"]
[Date "2001.05.??"]
[Round "2"]
[White "Di Pancrazio, Luciano"]
[Black "Popa, Claudiu"]
[Result "1/2-1/2"]
[WhiteElo "1935"]
[BlackElo "2101"]
[PlyCount "26"]
[EventDate "2001.05.18"]

1. e4 e5 2. Nf3 Nc6 3. d4 exd4 4. Bc4 Nf6 5. O-O Nxe4 6. Re1 d5 7. Bxd5 Qxd5 8.
Nc3 Qa5 9. Rxe4+ Be6 10. Bd2 Qb6 11. Ng5 O-O-O 12. Nxe6 fxe6 13. Na4 Rd7
1/2-1/2

[Event "V Festival Magistrale"]
[Site "Salsomaggiore Terme ITA"]
[Date "2001.05.??"]
[Round "2"]
[White "Falbo, Sandro"]
[Black "Miatello, Alberto"]
[Result "1-0"]
[WhiteElo "2166"]
[BlackElo "1869"]
[PlyCount "75"]
[EventDate "2001.05.18"]

1. Nf3 Nf6 2. c4 g6 3. g3 Bg7 4. Bg2 O-O 5. O-O d6 6. Nc3 e5 7. d3 c6 8. Rb1
Re8 9. e4 d5 10. cxd5 cxd5 11. Bg5 d4 12. Nd5 h6 13. Nxf6+ Bxf6 14. Bxh6 Bg4
15. h3 Be6 16. a3 Kh7 17. Qd2 Nc6 18. Bg5 Rh8 19. Bxf6 Qxf6 20. Ng5+ Kg7 21. f4
Rh6 22. f5 gxf5 23. exf5 Bd7 24. b4 Rh5 25. Ne4 Qh6 26. g4 Rxh3 27. Bxh3 Qxh3
28. Qg5+ Kf8 29. Rbd1 Ne7 30. Rf2 Qe3 31. Qh4 Ng8 32. Qg3 Nf6 33. Qxe5 Nxe4 34.
dxe4 Qh3 35. Qxd4 Ba4 36. Qd6+ Ke8 37. Rd3 Qh4 38. f6 1-0